000 00867nas a2200301 4500
001 BR0800747
003 BR-BrBNA
005 20231205111544.0
007 ta
008 230509b bl.|||p| |||| 00| 00por d
040 _aBR-BrBNA
_bpor
_cBiblioteca Nacional de Agricultura
041 _a(Pt)
072 _aL53; U30
100 1 _aGregory, R.M.
100 1 _aWald, V.B.
100 1 _aGirão, R.N.
100 1 _aJobim, M.I.M.
100 1 _aFilho, A.M.
245 1 _aProposição de normas ao exame andrológico de Bos taurus
650 _aBOVINO
650 _aREPRODUTOR
650 _aSÊMEN
650 _aEJACULAÇÃO
650 _aANÁLISE DE LABORATÓRIO
773 0 _tRevista Brasileira de Reprodução Animal (Brazil)
_xISSN 0102-0803
_g(1982), v. 6(1-2) p. 21-24
_wBR0800747
909 _a202311
_bLúcia
_c55
_dLúcia Elande
942 _2AGRIS
_n0
_cANA
999 _c193298
_d193298